000 00332nam a2200145 i 4500
001 bg
100 1 _aRYCHTER, Witold
245 0 _aDoświadczony kierowca radzi /
_cWitold Rychter.
260 _aWarszawa,
_c1979.
040 _cBPK
041 _apol
080 _a629.33
942 _cKS
008 s pl f |000 0 pol
999 _c1391
_d1391
856 _uhttp://koha.tu.koszalin.pl/cgi-bin/koha/opac-detail.pl?biblionumber=1391
_yKatalog online BPK